| 000 | 01426nam a2200325 a 4500 | ||
|---|---|---|---|
| 003 | OSt | ||
| 005 | 20231121134423.0 | ||
| 008 | 231116s2017 rm a|||| |||| 001 0 spa d | ||
| 020 | _a978-92-5-309888-0 | ||
| 040 |
_cCHAP _erda |
||
| 082 | 0 | 0 |
_222 _a363.8 _bF21 2017 |
| 245 | 0 | 3 |
_aEl estado de la seguridad alimentaria y la nutrición en el mundo 2017 : _bfomentando la resiliencia en aras de la paz y la seguridad alimentaria / _cpor FAO, FIDA, OMS, PMA y UNICEF. |
| 264 | 1 |
_aRoma : _bFAO : _bFIDA : _bOMS : _bPMA : _bUNICEF, _c2107. |
|
| 300 |
_aix, 129 páginas: _bfiguras, cuadros. |
||
| 336 |
_2rdacontent _atexto _btxt |
||
| 337 |
_2rdamedia _asin medio _bn |
||
| 338 |
_2rdacarrier _avolumen _bnc |
||
| 504 | _aIncluye referencias bibliográficas páginas : 119-129. | ||
| 650 | 4 |
_9188281 _aSeguridad alimentaria _xPaises en desarrollo |
|
| 650 | 4 |
_9188282 _aDesnutrición _xPaises en desarrollo |
|
| 650 | 4 |
_9188283 _aSeguridad alimentaria _xEstadísticas |
|
| 650 | 4 |
_9145461 _aAbastecimientos de alimentos |
|
| 710 | 2 |
_9144278 _aOrganización de las Naciones Unidas para la Agricultura y la Alimentación (FAO) |
|
| 710 | 2 |
_942116 _aFondo Internacional de Desarrollo Agrícola (FIDA) |
|
| 710 | 2 |
_9188252 _aOrganización Mundial de la Salud (OMS) |
|
| 710 | 2 |
_992330 _aPrograma Mundial de Alimentos (PMA) |
|
| 710 | 2 |
_9188284 _aFondo de las Neciones Unidas para la Infancia (UNICEF) |
|
| 942 | _2ddc | ||
| 942 | _cLIBRO | ||
| 999 |
_c219411 _d219411 |
||